Zwierzęta Disneya - Statystyki

Ogólne statystyki
  • Ten quiz został rozwiązany 22 razy
  • Średni wynik to 11 z 21
Statystyki odpowiedzi
Postać Zwierzę % Poprawnych
Simba Lew
100%
Miki Mysz
100%
Dumbo Słoń
95%
Pumba Guziec
90%
Kłapouchy Osioł
90%
Bambi Jeleń
85%
Timon Surykatka
80%
Baloo Niedźwiedź
65%
Kerchak Goryl
60%
Księżna Kot
60%
Abu Małpa
60%
Jago Papuga
45%
Tuptuś Królik
40%
Książę Naveen Żaba
40%
Sebastian Krab
35%
Mushu Smok
30%
Shenzi, Banzai i Ed Hiena
25%
Pascal Kameleon
20%
Hipolit Świerszcz
10%
Meeko Szop pracz
10%
Djali Koza
5%
Nie znaleziono quizów pasujących do podanych kryteriów
Rozkład punktacji
Procent ludzi z każdym wynikiem
Percentyl według liczby udzielonych odpowiedzi
Twoja historia wyników
Nie rozwiązałeś tego quizu